Länder som Sverige har styrt över - Statistics

General Stats
  • This quiz has been taken 134 times
  • The average score is 10 of 13
Answer Stats
Land % Correct
Finland
100%
Danmark
99%
Norge
99%
Estland
93%
Tyskland
93%
Lettland
92%
Polen
90%
Ryssland
89%
Litauen
86%
Frankrike
60%
Förenta staterna
46%
Sverige
29%
Ghana
22%
No matching quizzes found
Score Distribution
Percent of People with Each Score
Percentile by Number Answered
Your Score History
You have not taken this quiz